Quel est le nom français de cette série américaine ? - Statistiques

Statistiques générales
  • Ce quiz a été pris 79 fois
  • Le résultat moyen est 6 sur 20
Statistiques - réponses
Année Titre original Titre français % Correct
2000 CSI : Crime Scene Investigation Les Experts
73%
1963 The Fugitive Le Fugitif
70%
2002 CSI : Miami Les Experts : Miami
68%
2005 Criminal Minds Esprits criminels
59%
2016 Lethal Weapon L'arme fatale
49%
2004 CSI : NY Les Experts : Manhattan
48%
2003 Cold case Cold Case Affaires classées
37%
1968 Hawaï Five-O Hawaï Police d'Etat
32%
1999 Law and Order : Special victims unit New York unité spéciale
31%
2002 Without a trace FBI : Portés disparus
25%
1984 Murder, She wrote Arabesque
21%
2001 Law and Order : Criminal intent New York section criminelle
21%
1959 The Untouchable Les Incorruptibles
18%
1990 Law and Order New York police judiciaire
15%
1967 Ironside L'homme de fer
11%
1979 Hart to Hart Pour l'amour du risque
11%
1993 NYPD Blue New York Police Blues
7%
1991 Silk Stalkings Les dessous de Palm Beach
6%
2000 A Nero Wolfe Mystery Les enquêtes de Nero Wolfe
3%
1965 The F.B.I. Sur la piste du crime
3%
Aucun quiz correspondant
Distribution des résultats
% des personnes avec chaque résultat
Percentile par nombre de réponses
Votre historique - résultats
Vous n’avez pas pris ce quiz